[Event "Cappelle op 39th"]
[Site "Cappelle la Grande"]
[Date "2023.02.20"]
[Round "3"]
[White "Harsha, Bharathakoti"]
[Black "Pucher, Sebastien"]
[Result "1-0"]
[WhiteElo "2599"]
[BlackElo "2277"]
[PlyCount "81"]
[EventDate "2023.02.18"]
[EventType "swiss"]
[EventRounds "9"]
[EventCountry "FRA"]
[SourceTitle "CBM 213 Extra"]
[Source "ChessBase"]
[SourceDate "2023.05.31"]
[SourceVersion "1"]
[SourceVersionDate "2023.05.31"]
[SourceQuality "1"]

1. d4 d5 2. c4 e6 3. Nc3 a6 4. cxd5 exd5 5. Bf4 c6 6. e3 Bd6 7. Bd3 Ne7 8. Qc2 Bxf4 9. exf4 Qd6 10. g3 c5 11. dxc5 Qxc5 12. Nge2 Nbc6 13. 0-0 g6 14. Qd2 0-0 15. Rac1 Qa5 16. Bc2 Rd8 17. Nd4 Qb4 18. Nb3 Bf5 19. a3 Qd6 20. Na4 Bxc2 21. Rxc2 a5 22. Qd3 Rab8 23. Nc3 b6 24. Rfc1 d4 25. Ne4 Qe6 26. Nbd2 a4 27. Nf3 h6 28. h4 Kg7 29. h5 gxh5 30. Rc4 b5 31. Rc5 Rd5 32. Rxd5 Qxd5 33. Rc5 Qb3 34. Qe2 d3 35. Qd2 Rd8 36. f5 f6 37. Nxf6 Kxf6 38. Qxh6+ Kf7 39. f6 d2 40. Nxd2 Qd1+ 41. Nf1 1-0

[Event "FRA-ch Accession"]
[Site "Albi"]
[Date "2022.08.17"]
[Round "5"]
[White "Di Nicolantonio, Lucas"]
[Black "Pucher, Sebastien"]
[Result "1-0"]
[WhiteElo "2387"]
[BlackElo "2256"]
[PlyCount "47"]
[EventDate "2022.08.13"]
[EventType "swiss"]
[EventRounds "9"]
[EventCountry "FRA"]
[SourceTitle "CBM 210 Extra"]
[Source "ChessBase"]
[SourceDate "2022.11.30"]
[SourceVersion "1"]
[SourceVersionDate "2022.11.30"]
[SourceQuality "1"]

1. e4 Nf6 2. e5 Nd5 3. d4 d6 4. c4 Nb6 5. f4 g6 6. Nc3 Bg7 7. Be3 Be6 8. d5 Bc8 9. Nf3 0-0 10. h4 e6 11. h5 Re8 12. hxg6 hxg6 13. Qd2 exd5 14. cxd5 Bg4 15. 0-0-0 N8d7 16. Bd4 dxe5 17. fxe5 Nxe5 18. Nxe5 Bxe5 19. Re1 Qf6 20. Rxe5 Rxe5 21. Ne4 Qf5 22. Bd3 Nxd5 23. Nf2 Qg5 24. Qxg5 1-0

[Event "Nancy Blitz 19th"]
[Site "Nancy"]
[Date "2021.10.23"]
[Round "7"]
[White "Pucher, Sebastien"]
[Black "Fedorchuk, Sergey A"]
[Result "0-1"]
[WhiteElo "2249"]
[BlackElo "2606"]
[PlyCount "60"]
[EventDate "2021.10.23"]
[EventType "swiss (blitz)"]
[EventRounds "11"]
[EventCountry "FRA"]
[SourceTitle "CBM 204 Extra"]
[Source "ChessBase"]
[SourceDate "2021.11.30"]
[SourceVersion "1"]
[SourceVersionDate "2021.11.30"]
[SourceQuality "1"]

1. c4 e5 2. g3 Nc6 3. Bg2 Bc5 4. Nc3 a6 5. e3 d6 6. Nge2 Ba7 7. d4 exd4 8. exd4 Nge7 9. 0-0 0-0 10. b3 Nf5 11. d5 Ne5 12. Bb2 Ng4 13. Qd3 Re8 14. Ne4 Bd7 15. Rae1 Qe7 16. Nf4 Qf8 17. h3 Ne5 18. Qd2 Re7 19. Kh2 Rae8 20. Bc3 b5 21. Nd3 Nxd3 22. Qxd3 f6 23. f4 Qf7 24. Re2 Qg6 25. Rfe1 Ne3 26. Rxe3 Bxe3 27. Rxe3 Bf5 28. Qd4 Bxe4 29. Bxe4 Rxe4 30. Rxe4 Qxe4 0-1

[Event "FRA-chT 16 Final-A"]
[Site "Playchess.com INT"]
[Date "2021.01.17"]
[Round "14"]
[White "Pucher, Sebastien"]
[Black "Rakotomaharo, Fy Antenaina"]
[Result "0-1"]
[WhiteElo "2269"]
[BlackElo "2422"]
[PlyCount "86"]
[EventDate "2021.01.16"]
[EventType "team-tourn (blitz)"]
[EventRounds "15"]
[EventCountry "FRA"]
[SourceTitle "CBM 200 Extra"]
[Source "ChessBase"]
[SourceDate "2021.03.31"]
[SourceVersion "1"]
[SourceVersionDate "2021.03.31"]
[SourceQuality "1"]
[WhiteTeam "Metz Fischer"]
[BlackTeam "Mulhouse"]
[WhiteTeamCountry "FRA"]
[BlackTeamCountry "FRA"]

1. Nf3 Nf6 2. b3 g6 3. Bb2 Bg7 4. g3 d6 5. Bg2 0-0 6. c4 e5 7. 0-0 Re8 8. d3 Nc6 9. Nc3 Bf5 10. Rc1 Qd7 11. Qd2 Bh3 12. Nd5 Bxg2 13. Kxg2 Nxd5 14. cxd5 Ne7 15. e4 c6 16. dxc6 Nxc6 17. Qe2 d5 18. Rc5 d4 19. Ba3 f6 20. Rd5 Qf7 21. Rc1 Rad8 22. Rxd8 Rxd8 23. Rc4 Qe6 24. Qc2 Rc8 25. Bc1 b5 26. Rc5 a6 27. Qd1 Bf8 28. Rc2 Nb4 29. Rxc8 Qxc8 30. Ne1 Nxa2 31. Bd2 Bb4 32. Bxb4 Nxb4 33. Qd2 Qc3 34. Qd1 a5 35. h4 Kg7 36. Kf1 Na2 37. h5 Nc1 38. hxg6 hxg6 39. Qg4 Qc6 40. Qd1 a4 41. bxa4 bxa4 42. Nc2 Nb3 43. Na3 Qc1 0-1

[Event "FRA-chT 16 Final-A"]
[Site "Playchess.com INT"]
[Date "2021.01.17"]
[Round "12"]
[White "Villegas, Pierre"]
[Black "Pucher, Sebastien"]
[Result "0-1"]
[WhiteElo "2367"]
[BlackElo "2269"]
[PlyCount "86"]
[EventDate "2021.01.16"]
[EventType "team-tourn (blitz)"]
[EventRounds "15"]
[EventCountry "FRA"]
[SourceTitle "CBM 200 Extra"]
[Source "ChessBase"]
[SourceDate "2021.03.31"]
[SourceVersion "1"]
[SourceVersionDate "2021.03.31"]
[SourceQuality "1"]
[WhiteTeam "Monaco"]
[BlackTeam "Metz Fischer"]
[WhiteTeamCountry "MNC"]
[BlackTeamCountry "FRA"]

1. d4 d5 2. c4 e6 3. Nc3 a6 4. cxd5 exd5 5. Bf4 Nf6 6. e3 h6 7. Bd3 Bd6 8. Nge2 0-0 9. 0-0 Nc6 10. Rc1 Ne7 11. Qc2 c6 12. Na4 Bxf4 13. Nxf4 b6 14. Qb3 Rb8 15. Rc2 Qd6 16. Qa3 Rd8 17. Rfc1 a5 18. f3 Ne8 19. Qxd6 Nxd6 20. b3 Bf5 21. Bxf5 Ndxf5 22. Kf2 f6 23. g4 Nd6 24. h4 Kf7 25. Rg1 g6 26. Ke2 g5 27. hxg5 hxg5 28. Nh5 Kg6 29. Kd3 Rh8 30. Rgc1 Rhc8 31. Ng3 Rh8 32. Nh5 Rhc8 33. e4 Nb5 34. Re1 dxe4+ 35. fxe4 Rd8 36. Rf2 Rxd4+ 37. Ke3 Rd6 38. Ng3 Re8 39. Ree2 Nd5+ 40. Kf3 Nf4 41. Rd2 Red8 42. Rxd6 Rxd6 43. Rc2 Nd4+ 0-1

[Event "FRA-chT 16 Final-A"]
[Site "Playchess.com INT"]
[Date "2021.01.16"]
[Round "1"]
[White "Pucher, Sebastien"]
[Black "Bauer, Christian"]
[Result "1/2-1/2"]
[WhiteElo "2269"]
[BlackElo "2639"]
[PlyCount "102"]
[EventDate "2021.01.16"]
[EventType "team-tourn (blitz)"]
[EventRounds "15"]
[EventCountry "FRA"]
[SourceTitle "CBM 200 Extra"]
[Source "ChessBase"]
[SourceDate "2021.03.31"]
[SourceVersion "1"]
[SourceVersionDate "2021.03.31"]
[SourceQuality "1"]
[WhiteTeam "Metz Fischer"]
[BlackTeam "Nice"]
[WhiteTeamCountry "FRA"]
[BlackTeamCountry "FRA"]

1. Nf3 c5 2. c4 Nc6 3. g3 g6 4. Bg2 Bg7 5. 0-0 b6 6. Nc3 Bb7 7. e3 Bxc3 8. dxc3 d6 9. e4 Qc7 10. Re1 e5 11. Nd2 h5 12. h4 0-0-0 13. Nf1 Nce7 14. a4 a5 15. Qd3 Kb8 16. Bd2 Nc6 17. Ne3 Nge7 18. Nd5 Nxd5 19. cxd5 Ne7 20. b4 f6 21. bxa5 bxa5 22. Rab1 Ka7 23. Bf1 f5 24. Qb5 Rb8 25. c4 Ba6 26. Qxa5 Qxa5 27. Bxa5 Rxb1 28. Rxb1 fxe4 29. Bb6+ Ka8 30. Bc7 Nf5 31. Bxd6 Nxd6 32. Rb6 Bxc4 33. Rxd6 Bd3 34. Rc6 c4 35. Bh3 Rd8 36. Be6 Kb7 37. Rc5 Kb6 38. Rc6+ Ka5 39. d6 c3 40. Rxc3 Rxd6 41. Rc5+ Kxa4 42. Rxe5 Kb4 43. Bf7 Kc3 44. Re6 Rxe6 45. Bxe6 Kd2 46. Bf7 e3 47. fxe3 Kxe3 48. Kh2 Kf3 49. Bd5+ Be4 50. Bf7 Kf2 51. Be8 Bf5 1/2-1/2

[Event "FRA-ch Blitz Online Qual"]
[Site "Europe Echecs INT"]
[Date "2020.05.16"]
[Round "3"]
[White "Lagarde, Maxime"]
[Black "Pucher, Sebastien"]
[Result "1-0"]
[WhiteElo "2655"]
[BlackElo "2322"]
[PlyCount "61"]
[EventDate "2020.05.16"]
[EventType "swiss (blitz)"]
[EventRounds "15"]
[EventCountry "FRA"]
[SourceTitle "CBM 196 Extra"]
[Source "ChessBase"]
[SourceDate "2020.07.31"]
[SourceVersion "1"]
[SourceVersionDate "2020.07.31"]
[SourceQuality "1"]

1. g3 g6 2. Bg2 Bg7 3. d3 e5 4. Nf3 d5 5. 0-0 Nc6 6. c4 Nge7 7. Nc3 d4 8. Na4 0-0 9. Re1 h6 10. a3 b6 11. b4 Bb7 12. Bd2 a6 13. Qb3 Qd7 14. Rac1 Rae8 15. b5 Nd8 16. bxa6 Bxa6 17. c5 Bb5 18. Nb2 Ne6 19. cxb6 cxb6 20. Nc4 Bxc4 21. Rxc4 b5 22. Rc2 Rc8 23. Rec1 Rxc2 24. Rxc2 Rc8 25. Rxc8+ Nxc8 26. h4 Kh7 27. h5 gxh5 28. Bh3 Nd6 29. Bb4 Kg6 30. Qd5 Bf8 31. Nxe5+ 1-0

[Event "FRA-ch Blitz Online Qual"]
[Site "Europe Echecs INT"]
[Date "2020.05.16"]
[Round "8"]
[White "Pucher, Sebastien"]
[Black "Massiani, Xavier"]
[Result "0-1"]
[WhiteElo "2322"]
[BlackElo "1781"]
[PlyCount "68"]
[EventDate "2020.05.16"]
[EventType "swiss (blitz)"]
[EventRounds "15"]
[EventCountry "FRA"]
[SourceTitle "CBM 196 Extra"]
[Source "ChessBase"]
[SourceDate "2020.07.31"]
[SourceVersion "1"]
[SourceVersionDate "2020.07.31"]
[SourceQuality "1"]

1. b3 d6 2. Bb2 f5 3. e3 e5 4. d4 e4 5. c4 Nf6 6. f3 d5 7. fxe4 Nxe4 8. Bd3 Qh4+ 9. g3 Nxg3 10. Nf3 Qh6 11. Kf2 Nxh1+ 12. Qxh1 dxc4 13. bxc4 Nd7 14. Nc3 c6 15. Qg2 Nf6 16. h3 Bd6 17. Re1 0-0 18. Kg1 Bd7 19. Ng5 Rae8 20. c5 Bb8 21. Bc4+ Kh8 22. Bc1 Re7 23. e4 Qh4 24. Nf3 Qh5 25. e5 Ne4 26. Nxe4 fxe4 27. Ng5 Bf5 28. Nxe4 Bxe4 29. Rxe4 Qd1+ 30. Kh2 Qxc1 31. Bd3 Qh6 32. Rg4 Ref7 33. Qg3 Rf2+ 34. Kg1 Qc1+ 0-1

[Event "FRA-ch Blitz Online Qual"]
[Site "Europe Echecs INT"]
[Date "2020.05.16"]
[Round "14"]
[White "Pucher, Sebastien"]
[Black "Rakotomaharo, Fy Antenaina"]
[Result "0-1"]
[WhiteElo "2322"]
[BlackElo "2422"]
[PlyCount "32"]
[EventDate "2020.05.16"]
[EventType "swiss (blitz)"]
[EventRounds "15"]
[EventCountry "FRA"]
[SourceTitle "CBM 196 Extra"]
[Source "ChessBase"]
[SourceDate "2020.07.31"]
[SourceVersion "1"]
[SourceVersionDate "2020.07.31"]
[SourceQuality "1"]

1. b3 e5 2. Bb2 Nc6 3. e3 g6 4. f4 Bg7 5. fxe5 d6 6. Nf3 Nge7 7. Na3 0-0 8. Nc4 d5 9. Na3 Bg4 10. Be2 Bxf3 11. Bxf3 Nxe5 12. Bxe5 Bxe5 13. c3 c6 14. Nc2 Nf5 15. Bg4 Qh4+ 16. g3 Nxg3 0-1

[Event "FRA-ch Blitz Online Qual"]
[Site "Europe Echecs INT"]
[Date "2020.05.16"]
[Round "10"]
[White "Pucher, Sebastien"]
[Black "Tomasi, Elise"]
[Result "1-0"]
[WhiteElo "2322"]
[BlackElo "2030"]
[PlyCount "85"]
[EventDate "2020.05.16"]
[EventType "swiss (blitz)"]
[EventRounds "15"]
[EventCountry "FRA"]
[SourceTitle "CBM 196 Extra"]
[Source "ChessBase"]
[SourceDate "2020.07.31"]
[SourceVersion "1"]
[SourceVersionDate "2020.07.31"]
[SourceQuality "1"]

1. b3 d5 2. Bb2 e6 3. Nf3 Nf6 4. c4 Be7 5. g3 c5 6. Bg2 0-0 7. 0-0 Nc6 8. cxd5 Nxd5 9. d4 b6 10. dxc5 Bxc5 11. a3 Bb7 12. b4 Be7 13. e4 Nf6 14. Qe2 Qc7 15. Nc3 Rac8 16. e5 Ng4 17. Nb5 Qb8 18. h3 Nh6 19. Rfd1 Rfd8 20. Rxd8+ Rxd8 21. Rd1 a6 22. Nbd4 Nxd4 23. Rxd4 Nf5 24. Rxd8+ Qxd8 25. g4 Bxf3 26. Bxf3 Nd4 27. Bxd4 Qxd4 28. Qxa6 g6 29. Qc8+ Kg7 30. Qb7 Qxe5 31. Qxe7 Qc3 32. Kg2 Qxa3 33. Qd6 b5 34. Qc5 Qa4 35. Bc6 Qb3 36. Qxb5 Qc3 37. Qc5 Qd2 38. b5 Qa5 39. Qd4+ Kg8 40. b6 Qa6 41. Bf3 Qc8 42. b7 Qb8 43. Qc5 1-0

[Event "Nancy Meurthe rapid 18th"]
[Site "Nancy"]
[Date "2020.02.16"]
[Round "3"]
[White "Pucher, Sebastien"]
[Black "Gharamian, Tigran"]
[Result "0-1"]
[WhiteElo "2302"]
[BlackElo "2603"]
[PlyCount "66"]
[EventDate "2020.02.16"]
[EventType "swiss (rapid)"]
[EventRounds "9"]
[EventCountry "FRA"]
[SourceTitle "CBM 194 Extra"]
[Source "ChessBase"]
[SourceDate "2020.03.31"]
[SourceVersion "1"]
[SourceVersionDate "2020.03.31"]
[SourceQuality "1"]

1. c4 e6 2. Nf3 Nf6 3. g3 d5 4. b3 b6 5. Bg2 Bb7 6. 0-0 Nbd7 7. Bb2 Be7 8. e3 0-0 9. d3 a6 10. Qe2 b5 11. Nbd2 c5 12. e4 bxc4 13. bxc4 Rb8 14. e5 Ng4 15. cxd5 Bxd5 16. Nc4 Nh6 17. Bc3 Nf5 18. Rab1 Qc7 19. Rfc1 Qc6 20. Ne3 Nxe3 21. fxe3 Qa4 22. Ra1 Rfd8 23. Nd2 Bxg2 24. Kxg2 Nb6 25. Nc4 Qc6+ 26. e4 Nxc4 27. dxc4 h6 28. Rd1 Qa4 29. Rxd8+ Bxd8 30. Qd3 Ba5 31. Bxa5 Qxa5 32. Rd1 Rb2+ 33. Kh3 Qxa2 0-1

[Event "Nancy Meurthe rapid final 18th"]
[Site "Nancy"]
[Date "2020.02.16"]
[Round "2.1"]
[White "Shchekachev, Andrei"]
[Black "Pucher, Sebastien"]
[Result "1-0"]
[WhiteElo "2529"]
[BlackElo "2302"]
[PlyCount "79"]
[EventDate "2020.02.16"]
[EventType "k.o. (rapid)"]
[EventRounds "2"]
[EventCountry "FRA"]
[SourceTitle "CBM 194 Extra"]
[Source "ChessBase"]
[SourceDate "2020.03.31"]
[SourceVersion "1"]
[SourceVersionDate "2020.03.31"]
[SourceQuality "1"]

1. Nf3 d5 2. d3 g6 3. Nbd2 Bg7 4. e4 e5 5. exd5 Qxd5 6. g3 Ne7 7. Bg2 Qd8 8. 0-0 0-0 9. Re1 Nec6 10. Nc4 Re8 11. Bg5 f6 12. Bd2 Be6 13. Bc3 Bf7 14. Ne3 Nd7 15. h4 Nc5 16. b3 Qd7 17. d4 exd4 18. Nxd4 Ne4 19. Nxc6 Qxc6 20. Bb2 Rad8 21. Qc1 Qb6 22. Ng4 Nxg3 23. Nh6+ Bxh6 24. Qxh6 Ne2+ 25. Kf1 Nd4 26. Rxe8+ Rxe8 27. Qd2 c5 28. Re1 Rxe1+ 29. Qxe1 Qa6+ 30. Kg1 Qxa2 31. Bxd4 cxd4 32. Qd2 Kg7 33. Bxb7 Qa1+ 34. Kg2 Be6 35. Be4 Qc3 36. Qxc3 dxc3 37. Kf3 f5 38. Bc6 Kh6 39. Ba4 Kh5 40. Kg3 1-0

[Event "Nancy Meurthe blitz 18th"]
[Site "Nancy"]
[Date "2020.02.15"]
[Round "6"]
[White "Pucher, Sebastien"]
[Black "Donchenko, Alexander"]
[Result "0-1"]
[WhiteElo "2302"]
[BlackElo "2650"]
[PlyCount "62"]
[EventDate "2020.02.15"]
[EventType "swiss (blitz)"]
[EventRounds "11"]
[EventCountry "FRA"]
[SourceTitle "CBM 194 Extra"]
[Source "ChessBase"]
[SourceDate "2020.03.31"]
[SourceVersion "1"]
[SourceVersionDate "2020.03.31"]
[SourceQuality "1"]

1. d4 Nf6 2. c4 e6 3. Nf3 c5 4. d5 d6 5. Nc3 exd5 6. cxd5 g6 7. e3 Bg7 8. Be2 0-0 9. 0-0 a6 10. a4 Re8 11. Nd2 Nbd7 12. Nc4 Ne5 13. Na3 Bg4 14. f3 Bd7 15. h3 c4 16. Nxc4 Nxc4 17. Bxc4 Rc8 18. Be2 Qb6 19. Kh2 Rxe3 20. a5 Qc5 21. Bxe3 Qxe3 22. Qc1 Qd4 23. Rd1 Qb4 24. Qd2 Qh4 25. Qe3 Re8 26. Qd2 Bh6 27. Qe1 Bf4+ 28. Kh1 Bg3 29. Qg1 Nh5 30. Rd4 Bf4 31. Qd1 Bxh3 0-1

[Event "Metz op 37th"]
[Site "Metz"]
[Date "2019.04.13"]
[Round "8"]
[White "Pucher, Sebastien"]
[Black "Hejazipour, Mitra"]
[Result "1-0"]
[WhiteElo "2309"]
[BlackElo "2255"]
[PlyCount "85"]
[EventDate "2019.04.08"]
[EventType "swiss"]
[EventRounds "9"]
[EventCountry "FRA"]
[SourceTitle "CBM 189 Extra"]
[Source "ChessBase"]
[SourceDate "2019.06.03"]
[SourceVersion "1"]
[SourceVersionDate "2019.06.03"]
[SourceQuality "1"]

1. b3 d5 2. Bb2 Nf6 3. Nf3 c5 4. e3 Nc6 5. Bb5 Bd7 6. 0-0 e6 7. d3 Be7 8. Nbd2 0-0 9. Bxc6 Bxc6 10. Ne5 Be8 11. f4 Nd7 12. Qg4 d4 13. Nxd7 Bxd7 14. e4 e5 15. f5 Bg5 16. Nc4 f6 17. a4 b6 18. h4 Bh6 19. Qf3 Be8 20. g4 Rb8 21. Kh1 Bf4 22. Bc1 Bxc1 23. Rfxc1 h6 24. Rg1 Kf7 25. g5 hxg5 26. hxg5 Ke7 27. g6 Rh8+ 28. Kg2 Rh4 29. Rh1 Rf4 30. Qg3 Bc6 31. Rh7 Qg8 32. Qh3 Bxe4+ 33. dxe4 Rxe4 34. Qh6 Kf8 35. Qh1 Qd5 36. Kg3 d3 37. Rxg7 Rg4+ 38. Kxg4 Qd4+ 39. Kg3 Qf4+ 40. Kg2 Qg4+ 41. Kf2 Qf4+ 42. Ke1 Qg3+ 43. Kd1 1-0

[Event "Oberliga Sued W 1819"]
[Site "Germany"]
[Date "2018.10.21"]
[Round "1.1"]
[White "Spengler, Hanno"]
[Black "Pucher, Sebastien"]
[Result "0-1"]
[WhiteElo "2089"]
[BlackElo "2291"]
[PlyCount "136"]
[EventDate "2018.10.21"]
[EventType "team-tourn"]
[EventRounds "9"]
[EventCountry "GER"]
[SourceTitle "EXT 2020"]
[Source "ChessBase"]
[SourceDate "2019.10.17"]
[SourceVersion "1"]
[SourceVersionDate "2019.10.17"]
[SourceQuality "1"]
[WhiteTeam "Winterbach Turm"]
[BlackTeam "Saarbruecken Gambit"]
[WhiteTeamCountry "GER"]
[BlackTeamCountry "GER"]

1. e4 g6 2. d4 Bg7 3. Nf3 d6 4. Nc3 c6 5. Be3 Nf6 6. h3 0-0 7. Qd2 b5 8. a3 a6 9. Bh6 c5 10. Bxg7 Kxg7 11. Qe3 cxd4 12. Nxd4 Bb7 13. 0-0-0 Nbd7 14. Rg1 Qb6 15. Qg5 e6 16. Qh4 Rac8 17. g4 e5 18. g5 exd4 19. gxf6+ Nxf6 20. Ne2 d3 21. Rxd3 Bxe4 22. Rd2 Qc5 23. Nd4 Qd5 24. b3 h6 25. f3 Bf5 26. Qf4 Bd7 27. Nxb5 Qxb3 28. Nxd6 Qxa3+ 29. Kd1 Qa1+ 30. Ke2 Bb5+ 31. Kf2 Bxf1 32. Nxc8 Rxc8 33. Rxf1 Qa2 34. c3 Qe6 35. Rd6 Qe7 36. Qd4 Re8 37. Kg1 Rc8 38. Ra1 Rxc3 39. Rd1 Rxf3 40. Rf1 Rxf1+ 41. Kxf1 a5 42. Ra6 a4 43. Rxa4 Qe6 44. Ra3 g5 45. Re3 Qf5+ 46. Kg2 h5 47. Rf3 Qe6 48. Re3 Qc6+ 49. Kf2 Qc2+ 50. Re2 Qf5+ 51. Kg3 h4+ 52. Kh2 Kg6 53. Rf2 Qe6 54. Rb2 Nd5 55. Qd3+ Kh6 56. Re2 Qd6+ 57. Kg1 Qb6+ 58. Kh2 Qc7+ 59. Kh1 Nf4 60. Qa6+ Kh7 61. Rf2 Qc1+ 62. Kh2 Qe3 63. Qf1 Kh6 64. Rf3 Qe4 65. Qf2 Kg6 66. Re3 Qd5 67. Ra3 Qd6 68. Qc2+ Nd3+ 0-1